Φιλοσοφία και διαλεκτική : μελετήματα

Αποθηκεύτηκε σε:
Λεπτομέρειες βιβλιογραφικής εγγραφής
Κύριος συγγραφέας: Δεσποτόπουλος, Κωνσταντίνος Ι., 1913-2016
Μορφή: Βιβλίο
Γλώσσα:Greek
Δημοσίευση: Θεσσαλονίκη : Βάνιας, 1990
Σειρά:Φιλοσοφική έρευνα
Θέματα:
Ετικέτες: Προσθήκη ετικέτας
Δεν υπάρχουν, Καταχωρήστε ετικέτα πρώτοι!

MARC

LEADER 00000cam a2200000 i 4500
001 1/96814
008 950118s1990 gr | ||| |||| ||gre||
035 |l 10010324 
040 |a GR-MY-UA  |b gre  |e aacr 
041 0 |a gre 
082 0 |a 100 
100 1 |a Δεσποτόπουλος, Κωνσταντίνος Ι.,   |d 1913-2016. 
245 1 0 |a Φιλοσοφία και διαλεκτική :  |b μελετήματα /  |c Κ. Ι. Δεσποτόπουλος 
260 |a Θεσσαλονίκη :   |b Βάνιας,   |c 1990 
300 |a 166 σ. 
490 1 |a Φιλοσοφική έρευνα 
650 0 0 |a Philosophy. 
650 0 0 |a Dialectic. 
830 0 |a Φιλοσοφική έρευνα 
852 |a INST  |b LESVOS  |e 19950118  |h 100 ΔΕΣ  |p 005100003211  |q 005100003211  |t BK  |y 0 
909 |a Λ  |b 026341